Zmeny zákona o účtovníctve po novele č. 198/2007 Z.z.

Zmeny platné od 26. 4. 2007, od 1. 1. 2008, od 1. 1. 2009.

Enregistré dans:
Détails bibliographiques
Auteur principal: Moravcová, Katarína
Format: Chapitre de livre
Langue:slovaque
Sujets:
Tags: Ajouter un tag
Pas de tags, Soyez le premier à ajouter un tag!

MARC

LEADER 00000naa$a2200000$$$4500
001 0059887
005 20231106073311.0
041 0 |a slo 
044 |a SK 
245 1 0 |a Zmeny zákona o účtovníctve po novele č. 198/2007 Z.z.  |c Katarína Moravcová 
520 |a Zmeny platné od 26. 4. 2007, od 1. 1. 2008, od 1. 1. 2009. 
610 2 0 |a účtovníctvo 
610 2 0 |a štandardy účtovné medzinárodné 
610 2 0 |a zákony 
610 2 0 |a novelizácia 
610 2 0 |a Slovensko 
610 2 0 |a 2007 
100 1 |a Moravcová, Katarína